Vallási élet Dudaron
Elmentve itt :
| Szerző: | |
|---|---|
| Dokumentumtípus: | Könyv része |
| Megjelent: |
2013
|
| Sorozat: | Településszociológiai tanulmányok
Múlt és jelen : szegedi társadalomkutatók Dudaron 1937-2012 |
| Kulcsszavak: | Faluszociológia, Falukutatás - Magyarország - regionális, Dudar, Vallási élet - Magyarország - regionális |
| Tárgyszavak: | |
| doi: | 10.14232/belvbook.2013.58505.e |
| Online Access: | http://acta.bibl.u-szeged.hu/58337 |
| LEADER | 00920naa a2200241 i 4500 | ||
|---|---|---|---|
| 001 | acta58337 | ||
| 005 | 20220228153738.0 | ||
| 008 | 190603s2013 hu o 0|| hun d | ||
| 020 | |a 978-615-5372-04-9 | ||
| 022 | |a 1789-3798 | ||
| 024 | 7 | |a 10.14232/belvbook.2013.58505.e |2 doi | |
| 040 | |a SZTE Egyetemi Kiadványok Repozitórium |b hun | ||
| 041 | |a hun | ||
| 100 | 1 | |a Hlavati Andrea | |
| 245 | 1 | 0 | |a Vallási élet Dudaron |h [elektronikus dokumentum] / |c Hlavati Andrea |
| 260 | |c 2013 | ||
| 300 | |a 71-78 | ||
| 490 | 0 | |a Településszociológiai tanulmányok | |
| 490 | 0 | |a Múlt és jelen : szegedi társadalomkutatók Dudaron 1937-2012 | |
| 650 | 4 | |a Társadalomtudományok | |
| 650 | 4 | |a Szociológia | |
| 695 | |a Faluszociológia, Falukutatás - Magyarország - regionális, Dudar, Vallási élet - Magyarország - regionális | ||
| 856 | 4 | 0 | |u http://acta.bibl.u-szeged.hu/58337/1/2013_mult_es_jelen_071-078.pdf |z Dokumentum-elérés |